000 00792nam a22002297a 4500
999 _c6467
_d6467
005 20200210112850.0
008 200210b19921988ck a||||r|||| 00| 0 spa d
040 _aCO-JMCR
_cCO-JMCR
041 _aspa
_heng
082 _aC /
_bPARc
100 1 _aParé, Roger,
_eautor
_9330
245 3 1 _aEl circo /
_cRoger Paré ; con la colaboración de Bertrand Gauthier ; traducción y adaptación Camarero Gil
260 _aMedellín :
_bSusaeta,
_cc1992
300 _a[20] páginas :
_bilustraciones a color ;
_c21x22 cm.
440 _aColección ; Los placeres
_9331
546 _aPlaisirs de cirque
650 1 4 _9332
650 1 4 _9333
700 1 _aGauthier, Bertrand,
_9334
700 1 _aGil, Camarero,
_9335